1590 1877 1921 1252 1181 1786 1410 1436 1643 1499 1106 1149 2000 1203 1235 1348 1073 1303 1718 1426 1348 1808 1193 1751 1579 1527 1464 1861 1968 1338 1238 1027 1912 1305 1886 1529 1943 1992 1582 1972 1991 1847 1174 1918 1772 1344 1943 1321 1703 1484 1357 1823 1351 1435 1555 1093 1904 1000 1647 1220 1175 1428 1937 1973 1376 1229 1470 1032 1866 1754 1874 1967 1788 1856 1886 1853 1640 1178 1031 1216 1608 1141 1497 1899 1642 1784 1500 1291 1717 1722 1222 1664 1857 1438 1994 1295 1100 1679 1610 BCNSPRNW ULIB Ver.6.0+V

เปลี่ยนเป็นภาษาไทย

Change to English
 แสดงรายละเอียดบรรณานุกรม
  กลับหน้าหลัก

Brief Record : Get Marc (ISO 2709) : E-mail record : QR code < ปิดหน้าต่าง
LEADER : 00000nam 2200000uu 4500
001    13399113519
003     ULIB
008    110627s2552||||th 000 0 tha d
020    9786160600052
090    นว.^bร267ส 2552
100 0  ระวิวรินทร์
245 00 สุดปลายขุนเขา/^cระวิวรินทร์
250    พิมพ์ครั้งที่ 1
260    กรุงเทพฯ :^bแจ่มใส,^c2552
300    349 หน้า
710 1  แจ่มใส
945    ^p0^l0^i027245
995    ทศพร
999 ^a ใช้งานได้ทุกระบบ
รายการนี้ยังไม่มีแท็ก
คุณยังไม่ได้ล็อกอิน คุณสามารถมีกิจกรรมร่วมกับเว็บไซต์ได้ แต่ต้องล็อกอินก่อน ::
  ล็อกอิน

รายการสื่อสารสนเทศ

ลำดับที่ ประเภท เลขเรียก/บาร์โค้ด สถานที่ สถานะ
1. นวนิยาย
นวนิยาย
นว. ร267ส 2552 ฉ.1 
  Barcode: 027245
ห้องสมุดวิทยาเขตสวรรค์ประชารักษ์
►นวนิยาย
บนชั้น
  ขอยืม

BibComment


ยังไม่เคยถูกคอมเมนท์

คอมเมนท์ทรัพยากรรายการนี้
  คอมเมนท์: สุดปลายขุนเขา ระว..


 Copyright 2026. Bcnsprnw @Library